Di truyền học và cơ sở chọn giống động vật

Enregistré dans:
Détails bibliographiques
Auteur principal: Phan Cự Nhân
Format: Livre
Langue:Undetermined
Publié: Hà Nội ĐH và THCN 1978
Sujets:
Tags: Ajouter un tag
Pas de tags, Soyez le premier à ajouter un tag!
Thư viện lưu trữ: Trung tâm Học liệu Trường Đại học Cần Thơ
LEADER 00582nam a2200181Ia 4500
001 CTU_9005
008 210402s9999 xx 000 0 und d
082 |a 591.3 
082 |b D300 
100 |a Phan Cự Nhân 
245 0 |a Di truyền học và cơ sở chọn giống động vật 
245 0 |c Phan Cự Nhân 
260 |a Hà Nội 
260 |b ĐH và THCN 
260 |c 1978 
650 |a animal genetics 
904 |i Mai chuyển số PL từ 591.15 thành 591.3 chưa in nhãn 
980 |a Trung tâm Học liệu Trường Đại học Cần Thơ